Diseño organizacional del programa Institucional UNI Región Central Juigalpa, Chontales

Este estudio permitirá tener una visión más clara de la situación en la que se encuentra el Programa Institucional UNI Región Central Juigalpa y brinda una referencia útil sobre la dirección que tomará la institución en años posteriores, es una fuente ventajosa de información para el mejo...

Full description

Bibliographic Details
Main Authors: Duarte Matuz, Fátima Nallely, Vargas Reyes, María Concepción
Other Authors: Tutor: Laguna Lumbí, Leonarda del Carmen
Format: Tesis Section = Libro
Language:Undetermined
Spanish
Published: Juigalpa UNI/RUACS 2019
Subjects:
LEADER 02136nam a2200265Ia 4500
008 240830s9999 xx 000 0 und d
040 |a BIBLIOTECA-RUPAP Mon 658.402 D812 
041 |a spa 
082 |a Mon 658.402 D812 
100 1 |a Duarte Matuz, Fátima Nallely 
100 1 |b Vargas Reyes, María Concepción 
245 1 0 |a Diseño organizacional del programa Institucional UNI Región Central Juigalpa, Chontales 
260 |a Juigalpa  |b UNI/RUACS  |c 2019 
300 |a 131 p. :il. 
500 |a Contiene: anexos y CD. 
502 |a Tesis (Ingeniero de Sistemas)- UNI, 2019. 
520 3 |a Este estudio permitirá tener una visión más clara de la situación en la que se encuentra el Programa Institucional UNI Región Central Juigalpa y brinda una referencia útil sobre la dirección que tomará la institución en años posteriores, es una fuente ventajosa de información para el mejor funcionamiento del mismo y promover una estructura organizativa que lleve al cumplimiento de la visión, misión y los objetivos de la institución. Así mismo, para las autoridades del Programa Institucional UNI Región Central Juigalpa, tanto superiores, ejecutivas y operativas les será de gran utilidad para mejorar el desempeño en la organización y en cada una de las partes que la conforman. El beneficio principal de este estudio es para el Programa Institucional UNI Región Central Juigalpa, ya que con la implementación del Diseño Organizacional se obtendrá un desarrollo administrativo efectivo involucrando todos los colaboradores de la Institución a que sean partícipes de un crecimiento organizacional, que a su vez beneficiara a los estudiantes actuales y potenciales en un futuro próximo considerando la nueva infraestructura que permitirá una adecuada administración de sus recursos y en buen ambiente de trabajo. 
650 7 |a ORGANIZACIÓN-MANUALES 
650 7 |b MANUALES ADMINISTRATIVOS 
650 7 |c DESCRIPCION DEL TRABAJO 
650 7 |d ADMINISTRACION DE EMPRESA 
700 1 |a Tutor:  |b Laguna Lumbí, Leonarda del Carmen 
942 |c BK  |2 ddc 
991 |a TESIS 
999 |c 17260